000 00442nam a22001697a 4500
005 20181006114732.0
008 181006b xxu||||| |||| 00| 0 eng d
020 _a978-81-8321-418-6
041 _aeng
100 _aMeena,G.L,Pant,D C & Others
_94870
245 _aFundamentals of Agribusiness Management
250 _a1st
260 _aUdaipur
_bAgrotech Publication
_c2017
300 _a350
650 _aAgricultural
_93475
942 _cBK
999 _c5742
_d5740